000 00834nam a2200193Ia 4500
003 GCL
008 140319s9999 xx 000 0 ara d
040 _aGCL /
_cGCL
082 0 4 _a327.112
_bم س
100 1 _aممدوح منصور مصطفى منصور
245 1 0 _aسياسات التحالف الدولى : دراسة فى اصول التحالف الدولى ودور الاحلاف فى توازن القوى واستقرار الانساق الدولية /
_cممدوح منصور مصطفى منصور
300 _a400 ص
490 _aالهيئة العامة للاستعلامات
_v0
650 0 4 _aاوربا الشرقية
650 0 4 _aالاحلاف العسكرية
650 0 4 _aالاحلاف
650 0 4 _aالاتحاد السوفيتى - تاريخ - العصرالحديث - تفكك
942 _2ddc
_cBK
999 _c48317
_d48317